U.S. Senate A-Z Quiz - Statistics

General Stats
  • This quiz has been taken 185 times
    2 since last reset
  • The average score is 15 of 20
Answer Stats
Senator(s) % Correct
P Alex Padilla | Rand Paul | Gary Peters
100%
S Bernie Sanders | Brian Schatz | Adam Schiff | Eric Schmitt | Chuck Schumer | Rick Scott | Tim Scott | Jeanne Shaheen | Tim Sheehy | Elissa Slotkin | Tina Smith | Dan Sullivan
100%
H Bill Hagerty | Maggie Hassan | Josh Hawley | Martin Heinrich | John Hickenlooper | Mazie Hirono | John Hoeven | Jon Husted | Cindy Hyde-Smith
100%
M Ed Markey | Roger Marshall | Mitch McConnell | David McCormick | Jeff Merkley | Ashley Moody | Jerry Moran | Bernie Moreno | Lisa Murkowski | Chris Murphy | Patty Murray
100%
T John Thune | Thom Tillis | Tommy Tuberville
100%
C Maria Cantwell | Shelley Moore Capito | Bill Cassidy | Susan Collins | Chris Coons | John Cornyn | Catherine Cortez Masto | Tom Cotton | Kevin Cramer | Mike Crapo | Ted Cruz | John Curtis
100%
J Ron Johnson | Jim Justice
100%
G Ruben Gallego | Kirsten Gillibrand | Lindsey Graham | Chuck Grassley
100%
B Tammy Baldwin | Jim Banks | John Barrasso | Michael Bennet | Marsha Blackburn | Richard Blumenthal | Lisa Blunt Rochester | Cory Booker | John Boozman | Katie Britt | Ted Budd
100%
K Tim Kaine | Mark Kelly | John Kennedy | Andy Kim | Angus King | Amy Klobuchar
100%
Y Todd Young
100%
A Angela Alsobrooks | Alan S. Armstrong
50%
V Chris Van Hollen
50%
L James Lankford | Mike Lee | Ben Ray Luján | Cynthia Lummis
50%
F John Fetterman | Deb Fischer
50%
E Joni Ernst
50%
O Jon Ossoff
50%
W Mark Warner | Raphael Warnock | Elizabeth Warren | Peter Welch | Sheldon Whitehouse | Roger Wicker | Ron Wyden
50%
D Steve Daines | Tammy Duckworth | Dick Durbin
50%
R Jack Reed | Pete Ricketts | Jim Risch | Jacky Rosen | Mike Rounds
0%
No matching quizzes found
Score Distribution
Percent of People with Each Score
Percentile by Number Answered
Your Score History
You have not taken this quiz since the last reset